000 00677nam a2200289Ia 4500
005 20260324143514.0
008 008 260324s9999 xx 000 0 eng d
020 _a9780203776759
037 _aEBOOK
040 _aCRL
040 _beng
040 _cCRL
041 _2eng
041 _aeng
084 _qCRL
100 _aKristine L. Falco
_91215875
245 0 _aPsychotherapy With Lesbian Clients
245 0 _bTheory Into Practice
260 _bTaylor and Francis
260 _c1991
365 _a
365 _b220
856 _uhttp://www.taylorfrancis.com/books/9780203776759
942 _cEBOOK
999 _c1821368
_d1821368